000 00860nam a2200277 i 4500
001 15670
003 ES-MaACL
005 20250822052418.0
007 t|
008 000504s1998 sp ||||0| spa j
017 _aM 20642-1998
_bOficina Depósito Legal Madrid
020 _a8474904854
040 _cES-MaACL
080 _a028.01
100 1 _aGuardini, Romano.
_960319
_eaut
245 1 0 _aElogio del libro /
_cRomano Guardini ; [traducción, Carmen Salgado].
260 _aMadrid :
_bEncuentro,
_c[1998]
300 _a62 páginas :
_bilustraciones ;
_c17 cm.
534 _pTraducción de: Lob des buches
650 7 _aLibros y lectura
_2embne
_9142519
700 1 _aSalgado, Carmen.
_9101894
_etrl
852 _aES-MaACL
_cDEPO2
_jL-22977
942 _cMONOGRAFIA
_n0
999 _c15670
_d15670